Educación matemática 3º Básico: guía didáctica para el profesor
Gespeichert in:
| Hauptverfasser: | , |
|---|---|
| Format: | Buch |
| Sprache: | Spanisch |
| Veröffentlicht: |
Santiago
Norma
2006
|
| Schlagworte: | |
| Tags: |
Tag hinzufügen
Keine Tags, Fügen Sie den ersten Tag hinzu!
|
MARC
| LEADER | 00000nam a2200000 a 4500 | ||
|---|---|---|---|
| 001 | UCI5601 | ||
| 003 | CL-VaPUC | ||
| 008 | 080404e20060000CL |||||||||||||||||spa|d | ||
| 020 | |a 9563000994 | ||
| 082 | 0 | 4 | |a 372.7 |b LOP |2 21 |
| 100 | |a López Cartes, Alejandra |e autora |9 528096 | ||
| 700 | 0 | |a Ordenes Sotomayor, María Fernanda |e author |9 528097 | |
| 245 | 1 | 0 | |a Educación matemática 3º Básico: guía didáctica para el profesor |
| 300 | |a 88+159 p | ||
| 942 | |c BK | ||
| 945 | |d 20080404 00:00:00 |a rbrito | ||
| 260 | |a Santiago |b Norma |c 2006 | ||
| 500 | |a Incluye texto para el estudiante | ||
| 650 | 0 | |a Matemáticas |x Enseñanza |9 875527 | |
| 650 | 0 | |a Matemática |9 260235 | |
| 650 | 0 | |a Educación básica |9 224933 | |
| 650 | 0 | |a Métodos de enseñanza |9 270413 | |
| 583 | |a last modification |c 20171004 12:17:28 |k Rodrigo Vera | ||
| 999 | |c 329341 |d 329339 | ||
| 952 | |0 0 |1 0 |4 0 |6 372_700000000000000_LOP_2006 |7 0 |8 A |9 413795 |a BIBEDU |b BIBEDU |d 2019-11-22 |i 442140K |o 372.7 LOP 2006 |p 442140K |r 2019-11-22 |w 2019-11-22 |y BK |k EDU | ||
| 952 | |0 0 |1 0 |4 0 |6 372_700000000000000_LOP_2006 |7 0 |8 A |9 413796 |a BIBEDU |b BIBEDU |d 2019-11-22 |i 4463560 |o 372.7 LOP 2006 |p 4463560 |r 2019-11-22 |w 2019-11-22 |y BK |k EDU | ||
| 952 | |0 0 |1 0 |4 0 |6 372_700000000000000_LOP_2006 |7 0 |8 A |9 413797 |a BIBEDU |b BIBEDU |d 2019-11-22 |i 4463641 |o 372.7 LOP 2006 |p 4463641 |r 2019-11-22 |w 2019-11-22 |y BK |k EDU | ||